Literature Multiple Choice #1 - Statistics

General Stats
  • This quiz has been taken 41,015 times
  • The average score is 11 of 15
Answer Stats
Question Answer % Correct
What is Atticus Finch's profession in "To Kill a Mockingbird"? Lawyer
90%
In Franz Kafka's "The Metamorphosis", what did the main character metamorphosize into? A giant bug
87%
Which of the following WASN'T written by Jane Austen? Wuthering Heights
85%
What did the raven say in Edgar Allan Poe's poem "The Raven"? Nevermore
82%
Who was the main character of J.D. Salinger's "A Catcher in the Rye"? Holden Caulfield
79%
Who wrote "The Canterbury Tales"? Geoffrey Chaucer
77%
In the story "Matilda" by Roald Dahl, what supernatural power does Matilda have? Telekinesis
76%
Which of these English kings did Shakespeare NOT write a play about? William the Conqueror
75%
Who was Don Quixote's squire? Sancho Panza
69%
Who killed Hector? Achilles
67%
What was the war in "War and Peace"? Napoleon's invasion of Russia
66%
Where did James Joyce's novel "Ulysses" take place? Dublin
64%
Which of these is NOT a character in "Les Misérables"? Madame Defarge
60%
Which one of these authors was a man? A. A. Milne
49%
In the novel "Heart of Darkness", what was the profession of Kurtz? Ivory trader
48%
No matching quizzes found
Score Distribution
Percent of People with Each Score
Percentile by Number Answered
Your Score History
You have not taken this quiz